000 01388nab a22002777a 4500
999 _c6377
_d6377
003 OSt
005 20260201145628.0
008 190506c xxu||||| |||| 00| 0 spa d
040 _cPJ
100 _97018
_aGiagame, Eduardo
245 1 3 _aEl acoso laboral :
_b¿cómo nos encontramos y hacia dónde vamos? /
_cEduardo Giagame.
260 _aBuenos Aires :
_bAbeledoPerrot,
_c2023.
300 _ap. 8-13
500 _aCita: TR LALEY AR/DOC/1465/2023
505 _aSumario: I. Introducción.— II. ¿Qué entendemos por acoso laboral?— III. Contexto y actualidad en la Argentina.— IV. Tratamiento por parte de la Justicia.— V. Legislación y tratamiento en otros países.— VI. Consecuencias y causas del acoso laboral.— VII. ¿Por qué debemos eliminar el acoso laboral?— VIII. ¿Cómo podemos atacar la problemática?— IX. Bibliografía.
505 _t¿Te interesa el texto completo? Comunicate al correo: koha@justierradelfuego.gov.ar
650 0 _91316
_aDERECHO LABORAL
650 0 _91323
_aCONTRATO DE TRABAJO
650 0 _94044
_aPERSPECTIVA DE GÉNERO
650 0 _91803
_aRELACIONES LABORALES
650 0 _91577
_aDISCRIMINACION LABORAL
650 0 _95130
_aVIOLENCIA LABORAL
650 0 _aMOBBING
_91578
773 0 _02751
_93202
_dBuenos Aires : AbeledoPerrot, 2013-
_tRevista de derecho laboral y seguridad social. Nº 15- Agosto 2023
942 _2udc
_cANA